| 000 | 00433nam a22001817a 4500 | ||
|---|---|---|---|
| 003 | MPLRDC | ||
| 005 | 20220104181632.0 | ||
| 008 | 210129b ||||| |||| 00| 0 eng d | ||
| 082 | _a524.954 ROS 1991 | ||
| 100 | _aMASWARI ROSDI | ||
| 245 |
_aSEJARAH CHINA DAN JEPUN STPM _c |
||
| 250 | _a初版 | ||
| 260 |
_a _bFAJAR BAKTI _c1991 |
||
| 300 | _b平 | ||
| 490 | _aSIRI NOTA LENGKAP | ||
| 650 | _a | ||
| 942 |
_cBK _o524.954 ROS 1991 |
||
| 999 |
_c61554 _d61544 |
||